Statistiken für Vierergruppen Quiz

Klicken Sie hier um das Quiz zu spielen!

Allgemein

  • Dieses Quiz wurde 225 mal gespielt
  • Das Durchschnittsergebnis liegt bei 45 aus 80

Antwortstatistiken

Gruppe Antwort % Korrekt
JahreszeitenSommer
100%
JahreszeitenWinter
100%
JahreszeitenFrühling
99%
JahreszeitenHerbst
99%
Vier ElementeWasser
98%
Vier ElementeLuft
95%
Vier ElementeErde
95%
Monopoly-Bahnhöfe (DE)Nordbahnhof
93%
Vier ElementeFeuer
92%
Farben (Kartenspiel)Herz
89%
Landesteil des Vereinigten KönigreichesEngland
88%
Länder die mit J beginnenJemen
88%
Beliebteste US-SportsFootball
88%
Farben (Kartenspiel)Pik
88%
Landesteil des Vereinigten KönigreichesWales
88%
Landesteil des Vereinigten KönigreichesSchottland
87%
Monopoly-Bahnhöfe (DE)Westbahnhof
86%
Monopoly-Bahnhöfe (DE)Südbahnhof
86%
Farben (Kartenspiel)Karo
86%
Beliebteste US-SportsBaseball
83%
Länder die mit J beginnenJordanien
83%
Landesteil des Vereinigten KönigreichesNordirland
83%
Länder die mit J beginnenJapan
81%
BeatlesJohn Lennon
81%
Saiteninstrumente im OrchesterVioline
81%
Saiteninstrumente im OrchesterKontrabass
80%
Farben (Kartenspiel)Kreuz
80%
EvangelistenLukas
79%
Beliebteste US-SportsBasketball
79%
Monopoly-Bahnhöfe (DE)Hauptbahnhof
75%
BeatlesPaul McCartney
75%
EvangelistenJohannes
72%
EvangelistenMatthäus
72%
EvangelistenMarkus
69%
Saiteninstrumente im OrchesterVioloncello
69%
BeatlesRingo Starr
68%
Beliebteste US-SportsEishockey
62%
Länder die mit J beginnenJamaika
62%
Grand Slams (Tennis)US Open
60%
Saiteninstrumente im OrchesterBratsche
60%
Grand Slams (Tennis)Wimbledon
58%
Grand Slams (Tennis)Australian Open
53%
Grand Slams (Tennis)French Open
53%
Japanische InselnHokkaido
52%
BeatlesGeorge Harrison
50%
Größte Monde des JupiterEuropa
47%
Japanische InselnHonshu
47%
Teenage Mutant Ninja TurtlesMichelangelo
47%
Baldwin-BrüderAlec
45%
South Park CharaktereCartman
44%
South Park CharaktereKenny
43%
4-Corners StaatenUtah
41%
4-Corners StaatenColorado
40%
Größte Monde des JupiterIo
39%
Teenage Mutant Ninja TurtlesDonatello
37%
Teenage Mutant Ninja TurtlesLeonardo
37%
Indiana-Jones-KinofilmeKönigreich des Kristallschädels
35%
Teenage Mutant Ninja TurtlesRaphael
35%
Seinfeld CharaktereGeorge
34%
4-Corners StaatenArizona
32%
Indiana-Jones-KinofilmeJäger des verlorenen Schatzes
30%
4-Corners StaatenNew Mexico
29%
South Park CharaktereKyle
28%
Indiana-Jones-KinofilmeTempel des Todes
28%
South Park CharaktereStan
27%
Indiana-Jones-KinofilmeDer letzte Kreuzzug
26%
Größte Monde des JupiterGanymed
26%
Kontinentale US-ZeitzonenPacific
20%
Kontinentale US-ZeitzonenEastern
16%
Größte Monde des JupiterKallisto
16%
Seinfeld CharaktereJerry
14%
Kontinentale US-ZeitzonenCentral
13%
Japanische InselnKyushu
12%
Seinfeld CharaktereKramer
10%
Baldwin-BrüderBilly
10%
Baldwin-BrüderStephen
8%
Kontinentale US-ZeitzonenMountain
7%
Baldwin-BrüderDaniel
7%
Seinfeld CharaktereElaine
7%
Japanische InselnShikoku
7%

Verteilung der Resultate

Perzentil nach korrekt beantworteten Fragen

Anzahl Personen mit jedem Resultat

Ihre Resultats-Entwicklung

Sie haben dieses Quiz noch nicht gespielt